000 00781nam a2200217 i 4500
001 108002
003 ES-MaACL
007 t|
008 070109s1970 sp ||||1| spa d
080 _a83-32"18"
100 1 _aHeine, Heinrich.
_962371
245 1 0 _aNoches florentinas; Memorias del señor de Schnabelewopski /
_cHeinrich Heine; prólogo de Carmen Bravo-Villasate.
260 _aEstella (Navarra) :
_bSalvat,
_c1970.
300 _a151 p. ;
_c19 cm.
490 1 _aBiblioteca básica Salvat de Libros RTV ;
_v81
700 1 _aBravo-Villasante, Carmen,
_d1918-1994
_931507
740 0 _aMemorias del señor de Schnabelewopski.
830 0 0 _aBiblioteca básica Salvat de libros RTV
_v81
_9185398
852 _aES-MaACL
_jE-3002
_bR.69765
999 _c108002
_d108002